Amtrak Routes Quiz - Statistics

General Stats
  • This quiz has been taken 252 times
    145 since last reset
  • The average score is 27 of 39
Answer Stats
Route State(s), DC, or Canadian Province Major Destinations % Correct
Northeast Regional CT, DC, DE, MA, MD, NJ, NY, PA, RI, VA Boston/Springfield, NYC, Philadelphia, DC, Roanoke/Norfolk/Newport News
94%
Acela CT, DC, DE, MA, MD, NJ, NY, PA, RI Boston, New Haven, NYC, Philadelphia, Wilmington, DC
91%
Empire Builder ID, IL, MN, MT, ND, OR, WA, WI Chicago, Milwaukee, St. Paul/Minneapolis, Minot, Spokane, Portland/Seattle
89%
Empire Service NY Niagara Falls, Buffalo, Rochester, Syracuse, Albany, NYC
89%
California Zephyr CA, CO, IA, IL, NE, NV, UT Chicago, Omaha, Denver, Salt Lake City, Emeryville
85%
Amtrak Cascades BC, OR, WA Vancouver, Seattle, Tacoma, Portland, Salem, Eugene
76%
Capitol Corridor CA Auburn, Sacramento, Emeryville, Oakland, San Jose
76%
Capitol Limited DC, IL, IN, MD, OH, PA, WV DC, Pittsburgh, Cleveland, Toledo, South Bend, Chicago
76%
Maple Leaf NY, ON Toronto, Niagara Falls, Buffalo, Rochester, Syracuse, Albany, NYC
76%
Texas Eagle AR, AZ, CA, IL, MO, NM, TX Chicago, St. Louis, Little Rock, Dallas, San Antonio, Tucson, Los Angeles
76%
Lincoln Service Missouri River Runner IL, MO Chicago, St. Louis, Kansas City
75%
Vermonter CT, DC, DE, MA, MD, NH, NJ, NY, PA, VT St. Albans, Essex Junction, Springfield, NYC, DC
75%
Cardinal DC, DE, IL, IN, KY, MD, NJ, NY, OH, PA, VA, WV NYC, DC, Charlottesville, Cincinnati, Indianapolis, Chicago
74%
Coast Starlight CA, OR, WA Seattle, Tacoma, Portland, Sacramento, San Francisco, Los Angeles
74%
Downeaster MA, ME, NH Brunswick, Freeport, Portland, Saco, Exeter, Boston
74%
Southwest Chief AZ, CA, CO, IA, IL, KS, MO, NM Chicago, Kansas City, La Junta, Albuquerque, Flagstaff, Los Angeles
74%
City of New Orleans IL, KY, LA, MS, TN Chicago, Champaign-Urbana, Carbondale, Memphis, Jackson, New Orleans
73%
Sunset Limited AZ, CA, LA, NM, TX New Orleans, Houston, San Antonio, El Paso, Tucson, Palm Springs, Los Angeles
73%
Pennsylvanian NJ, NY, PA NYC, Philadelphia, Lancaster, Harrisburg, Altoona, Pittsburgh
72%
Adirondack NY, QC Montreal, Westport, Saratoga Springs, Albany, NYC
70%
Auto Train FL, GA, NC, SC, VA Lorton, Sanford
70%
Pacific Surfliner CA San Luis Obispo, Santa Barbara, Los Angeles, Anaheim, San Diego
70%
Lake Shore Limited IL, IN, MA, NY, OH, PA NYC/Boston, Albany, Buffalo, Cleveland, Toledo, Chicago
69%
Missouri River Runner MO St. Louis, Washington, Sedalia, Independence, Kansas City
69%
Ethan Allen Express NY, VT Burlington, Rutland, Saratoga Springs, Albany, NYC
68%
Keystone Service NJ, NY, PA NYC, Philadelphia, Paoli, Downingtown, Lancaster, Harrisburg
68%
Carolinian / Piedmont DC, DE, MD, NC, NJ, NY, PA, VA NYC, Philadelphia, DC, Richmond, Raleigh, Greensboro, Charlotte
67%
Floridian DC, FL, GA, IL, IN, MD, NC, OH, PA, SC, VA, WV Chicago, Pittsburgh, DC, Savannah, Tampa/Miami
67%
Heartland Flyer OK, TX Oklahoma City, Fort Worth
67%
Hiawatha IL, WI Milwaukee, Glenview, Chicago
65%
Illinois Service IL Chicago, Galesburg, Quincy/Springfield, St. Louis/Champaign-Urbana, Carbondale
65%
Crescent AL, DC, DE, GA, MD, MS, NC, NJ, NY, PA, SC, VA NYC, DC, Charlottesville, Charlotte, Atlanta, Birmingham, New Orleans
64%
Borealis IL, MN, WI St. Paul, Minneapolis, Milwaukee, Chicago
62%
Michigan Services IL, IN, MI Chicago, Grand Rapids/Lansing, Port Huron/Ann Arbor, Detroit, Pontiac
62%
Silver Service / Palmetto DC, DE, FL, GA, MD, NC, NJ, NY, PA, SC, VA NYC, DC, Charleston, Savannah, Jacksonville, Orlando, Tampa/Miami
61%
San Joaquins CA San Francisco Bay Area/Sacramento, Bakersfield/Southern California
54%
Amtrak Hartford Line CT, MA New Haven, Hartford, Windsor Locks, Springfield
52%
Valley Flyer CT, MA New Haven, Springfield, Northampton, Greenfield
43%
Berkshire Flyer MA, NY NYC, Poughkeepsie, Albany, Pittsfield
41%
No matching quizzes found
Score Distribution
Percent of People with Each Score
Percentile by Number Answered
Your Score History
You have not taken this quiz since the last reset